000 01097nam a2200277 4500
001 0000020208
003 CO-CtgCURN
005 20250825223112.0
008 160627s2002 000 0 eng d
020 _a9586904032
040 _aCO-CtgCURN
_bspa
_ccoctgcurn
082 0 _a342.055
_bP69p
100 1 _aPoveda Perdomo, Alberto.
245 1 3 _aLa perdida de investidura :
_bde congresistas, diputados, concejales y ediles /
_cAlberto Poveda Perdomo y Guillermo Poveda Perdomo.
260 _aBogotá :
_bEditorial Leyer,
_c2002.
300 _a154 p.
336 _2rdacontent
337 _2rdamedia
_asin mediacion
_bn
338 _2rdacarrier
_avolumen
_bnc
505 8 _aConsideraciones preliminares.--Antecedentes.--Textos basicos sobre perdida de investidura.--Causales de la perdida de investidura de los congresistas.--Violacion del regimen de inhabilidades
650 0 _aPerdida de investidura.
700 1 _aPoveda Perdomo, Guillermo.
908 _a160627
942 _cBK
_h342.055
_iP69p
_2ddc
_01
999 _c49614
_d49614
_x1